| 000 | 00975cam a22002531 4500 | ||
|---|---|---|---|
| 999 |
_c5228 _d5228 |
||
| 001 | 6044669 | ||
| 003 | GBCCL | ||
| 005 | 20241126110536.0 | ||
| 008 | 801120s1955 nyuabc e 000 0 eng | ||
| 010 | _a 54000948 | ||
| 035 | _a(OCoLC)6958760 | ||
| 040 |
_aDLC _cNIC _dNIC _dDLC |
||
| 042 | _apremarc | ||
| 050 | 0 | 0 |
_aAE5 _b.N512 |
| 082 |
_a031 _bUNI |
||
| 245 | 0 | 4 |
_aThe Universal standard encyclopedia. _bAn abridgment of the New Funk & Wagnalls encyclopedia, _cprepared under the editorial direction of Joseph Laffan Morse, editor in chief. |
| 260 |
_aNew York, _bUnicorn Publishers _c[c1955] |
||
| 300 |
_a25 v. _billus. (part col.) ports., maps (part col.) _c22 cm. |
||
| 500 | _aThe various volumes are frequently revised; this set contains the latest issue of each in the Library. | ||
| 650 | 0 |
_aEncyclopedias and dictionaries. _99428 |
|
| 700 | 1 |
_aMorse, Joseph Laffan, _d1902- _eed. _99430 |
|
| 906 |
_a7 _bcbc _coclcrpl _du _encip _f19 _gy-gencatlg |
||
| 942 |
_2ddc _cREF |
||